Individual in society; (Record no. 542401)

000 -LEADER
fixed length control field 00555cam a22001451 4500
082 00 - DEWEY DECIMAL CLASSIFICATION NUMBER
Classification number 302.5
Author Mark KRE
-- L-27,P-95
100 1# - MAIN ENTRY--PERSONAL NAME
Personal name Krech, David.
9 (RLIN) 37549
245 10 - TITLE STATEMENT
Title Individual in society;
Remainder of title a textbook of social psychology,
Statement of responsibility, etc. by David Krech, Richard S. Crutchfield, and Egerton L. Ballachey.
260 ## - PUBLICATION, DISTRIBUTION, ETC.
Place of publication, distribution, etc. New York,
Name of publisher, distributor, etc. McGraw-Hill,
Date of publication, distribution, etc. 1962.
300 ## - PHYSICAL DESCRIPTION
Extent 564 p.
Other physical details illus.
Dimensions 24 cm.
500 ## - GENERAL NOTE
General note Published in 1948 under title: Theory and problems of social psychology.
526 ## - STUDY PROGRAM INFORMATION NOTE
Program name 0
Interest level 0
Reading level 0
Title point value 302_500000000000000_KRE
650 #0 - SUBJECT ADDED ENTRY--TOPICAL TERM
Topical term or geographic name entry element Social psychology.
942 ## - ADDED ENTRY ELEMENTS (KOHA)
Source of classification or shelving scheme
Koha item type Book
Holdings
Withdrawn status Lost status Source of classification or shelving scheme Damaged status Not for loan Permanent Location Current Location Date acquired Total Checkouts Full call number Barcode Date last seen Date last checked out Price effective from Koha item type
          Military College of Engineering (MCE) Military College of Engineering (MCE) 11/26/2013 1 302.5 KRE MCE-3879 07/20/2018 07/06/2018 11/26/2013 Book
© 2023 Central Library, National University of Sciences and Technology. All Rights Reserved.